MARC

LEADER 00000nam0a2200000 4500
001 272526
005 20231101234537.0
020 |a RU  |b 86-51302 
035 |a (RuTPU)RU\TPU\book\295733 
090 |a 272526 
100 |a 20141018d1986 k y0rusy5003 ca 
101 0 |a rus 
102 |a RU 
105 |a a z 001zy 
200 1 |a Интерпретация масс-спектров органических соединений  |f И. Г. Зенкевич, Б. В. Иоффе 
210 |a Ленинград  |c Химия  |d 1986 
215 |a 174 с.  |c ил. 
320 |a Библиогр.: с. 133-135 
606 1 |a Органические соединения  |x Масс-спектрометрические исследования  |2 stltpush  |3 (RuTPU)RU\TPU\subj\75564  |9 87280 
610 1 |a интерпретация 
610 1 |a масс-спектрометры 
610 1 |a классификация 
610 1 |a производные 
675 |a 547:543.5  |z rus  |v 4 
700 1 |a Зенкевич  |b И. Г.  |g Игорь Георгиевич  |4 070 
701 1 |a Иоффе  |b Б. В.  |g Борис Вениаминович  |4 070 
801 0 |a RU  |b RuMRKP  |c 19950704  |g psbo 
801 1 |a RU  |b 63413507  |c 20141018 
801 2 |a RU  |b 63413507  |c 20170317  |g RCR 
942 |c BK